| 000 | 00540nam a22001817a 4500 | ||
|---|---|---|---|
| 003 | CEME | ||
| 005 | 20210628202929.0 | ||
| 008 | 210119b xxu||||| |||| 00| 0 eng d | ||
| 020 | _a81-8014-070-9 | ||
| 040 | _c. | ||
| 082 | _a620.106 ARO | ||
| 100 |
_aArora, K.R .Dr _962369 |
||
| 245 | _aFluid mechanics, hydraulics and hydraulic machines, including laboratory experiments | ||
| 260 |
_aNEW DELHI _bSTANDARD PUBLISHERS _c2005 |
||
| 300 | _a1110 P | ||
| 650 |
_aFLUID MECHANICS.HYDRAULICS.HYDRAULIC MACHINES _962370 |
||
| 942 |
_cBK _2ddc |
||
| 999 |
_c571496 _d571496 |
||